000 00838nam0a22002411 4500
001 rc\1138883
005 20250622193950.0
035 _a(NLR Aleph) 006385543
090 _a5111732
_c5111732
100 _a20041129d1980 |||y0rusy50 ca
101 0 _arus
102 _aRU
105 _aa |||||||||
200 1 _aДевонские четырехлучевые кораллы Салаира и Северного Кузбасса
_e(Систематика, биостратиграфия, экология)
210 _aТомск
_cИзд-во Том. ун-та
_d1980
215 _a140 с.
_cил.
_d26
320 _aБиблиогр.: с. 83-87
700 1 _aИвания
_bВ.А.
_gВалентина Антоновна
801 0 _aRU
_bNLR
_gpsbo
801 1 _aRU
_bELAR
_2rusmarc
852 _aNLR
_j81-7/1331
942 _cBOOK
980 _aNB